000 00820nma a22002057a 4500
006 g q ||
999 _c64317
_d64317
005 20251125233105.0
008 s2554 th tha d
040 _aNALT
041 _atha
090 _aCD 1830
245 1 0 _aรายงานประจำปีกระทรวงการคลัง ประจำปีงบประมาณ 2553 [CD-ROM]
260 3 _aกรุงเทพฯ :
_bกระทรวงการคลัง,
_c2554
300 _a1 แผ่น :
_b Col.
650 0 4 _aกระทรวงการคลัง -- รายงานประจำปี -- 2553
850 _aNALT
856 4 0 _uhttps://hdl.handle.net/20.500.14156/447923
942 _cCD
_2lcc